[Event "AUTO-OPEN-273"]
[Site "http://www.queenalice.com/game.php?id=70171"]
[Date "2006.5.20"]
[Round "1"]
[White "VictorHugo"]
[Black "charles31"]
[Result "0-1"]
[WhiteElo "1557"]
[BlackElo "1561"]

1. e4 e5 2. Nf3 Qf6 3. d4 exd4 4. Nxd4 Bb4+ 5. c3 Bc5 6. Na3 a6 7. Bc4 Ne7 8. b4
Bxd4 9. cxd4 b5 10. e5 Qg6 11. Bb3 Qe4+ 12. Be3 Qxg2 13. Rf1 Nbc6 14. Nc2 Qxh2
15. Qf3 d6 16. Qxf7+ Kd8 17. Bf4 Qh3 18. Qxg7 Re8 19. exd6 cxd6 20. Bxd6 Nd5+
21. Ne3 Ra7 22. Qg5+ Nde7 23. Bd5 Nxb4 24. Bg2 Nd3+ 25. Ke2 Qe6 26. Bd5 Qxd6 27.
Kxd3 h6 28. Qh4 Rc7 29. Bb3 Bd7 30. f4 Kc8 31. Nc4 Bf5+ 32. Kd2 bxc4 33. Ba4 Ng6
34. Qxh6 Qxd4+ 35. Kc1 Rd8 36. Qh2 Qe3+ 37. Kb2 Rb7+ 38. Bb3 cxb3 39. Rac1+ Kb8
40. Rc3 bxa2+ 41. Rb3 Qxb3+ 0-1

[Event "AUTO-OPEN-273"]
[Site "http://www.queenalice.com/game.php?id=70184"]
[Date "2006.5.20"]
[Round "1"]
[White "ENDHER"]
[Black "VictorHugo"]
[Result "1-0"]
[WhiteElo "2070"]
[BlackElo "1518"]

1. d4 b6 2. c4 Ba6 3. e4 c5 4. d5 e5 5. Nf3 d6 6. Bd3 g6 7. Nc3 Bg7 8. Qa4+ Qd7
9. Nb5 Bxb5 10. cxb5 a6 11. O-O Nf6 12. b4 O-O 13. bxc5 bxc5 14. Rb1 a5 15. Nd2
Na6 16. a3 Rab8 17. Qxa5 Nc7 18. b6 Ra8 19. Qc3 Na6 20. b7 Ra7 21. Bxa6 Rb8 22.
Qa5 Ne8 23. Qb6 Raxb7 24. Bxb7 Rxb7 25. Qxb7 Qg4 26. Qe7 Nf6 27. Rb8+ Ne8 28.
Rxe8+ Bf8 29. Qxf8# 1-0

[Event "AUTO-OPEN-273"]
[Site "http://www.queenalice.com/game.php?id=70185"]
[Date "2006.5.20"]
[Round "1"]
[White "VictorHugo"]
[Black "ENDHER"]
[Result "0-1"]
[WhiteElo "1518"]
[BlackElo "2064"]

1. e4 e5 2. Nf3 Nc6 3. d4 exd4 4. Nxd4 Nxd4 5. Qxd4 Ne7 6. e5 Nc6 7. Qd5 Qe7 8.
Bc4 Nb4 9. Qd2 Qxe5+ 10. Be2 Bc5 11. c3 Nc6 12. Qd3 O-O 13. Nd2 d6 14. Nf3 Qh5
15. b4 Bb6 16. a4 a5 17. b5 Ne5 18. Nxe5 Qxe5 19. Qg3 Re8 20. O-O Qxe2 21. Bh6
Qg4 22. Bf4 Qxg3 23. hxg3 Re2 24. Rfe1 Bxf2+ 25. Kf1 Rxe1+ 26. Rxe1 Bxe1 0-1

[Event "Vamo lá."]
[Site "http://www.queenalice.com/game.php?id=71632"]
[Date "2006.5.25"]
[Round "-"]
[White "msmeyer"]
[Black "VictorHugo"]
[Result "0-1"]
[WhiteElo "1485"]
[BlackElo "1540"]

1. e4 e5 2. d3 d5 3. Nc3 d4 4. Nd5 c6 5. Nb4 Bxb4+ 6. Bd2 Be7 7. g3 Nf6 8. f4
Bg4 9. Be2 Bxe2 10. Qxe2 exf4 11. Bxf4 Bb4+ 12. Bd2 Qa5 13. Nf3 c5 14. c3 dxc3
15. bxc3 Bxc3 16. Rc1 Bxd2+ 17. Nxd2 O-O 18. e5 Nd5 19. e6 Nc3 20. exf7+ Rxf7
21. Qe8+ Rf8 22. Qe6+ Kh8 23. Rf1 Nc6 24. Nb3 Qb4 25. Qe7 Nxe7 26. Kd2 Nxa2+ 27.
Kc2 Nxc1 28. Rxc1 Rf2+ 29. Kd1 Qxb3+ 30. Ke1 Raf8 31. Rxc5 Qb1+ 32. Rc1 Qxc1#
0-1

[Event "Challenge"]
[Site "http://www.queenalice.com/game.php?id=71642"]
[Date "2006.5.25"]
[Round "-"]
[White "VictorHugo"]
[Black "renard"]
[Result "0-1"]
[WhiteElo "1539"]
[BlackElo "1018"]

1. e4 Nf6 2. Nc3 d5 3. e5 Ng4 4. Qe2 Nc6 5. f3 Ngxe5 6. d4 Nc4 7. b3 Nd6 8. Nxd5
Be6 9. Nc3 Bf5 10. Qd2 e6 11. Nh3 h6 12. Ba3 Qf6 13. Nb5 Nc8 14. Nxc7+ Kd7 15.
Nxa8 Bxa3 16. d5 Bb4 17. c3 Bxc3 18. dxe6+ Ke7 19. Rd1 Bxd2+ 20. Rxd2 Qxe6+ 21.
Re2 Ne5 22. Nc7 Qd6 23. Nb5 Qd5 24. Re3 Rd8 25. Nc7 Qa5+ 26. Kf2 Qxc7 27. Nf4 a5
28. Bb5 Qd6 29. Rhe1 Qa3 30. Rxe5+ Kf6 31. Nh5+ Kg5 32. Ng3 Qb2+ 33. R1e2 Qd4+
34. R2e3 Nd6 35. Bd3 g6 36. Ne2 Qh4+ 37. Kg1 Rc8 38. g3 Qb4 39. f4+ Kf6 40. Bxf5
gxf5 41. h3 Rc2 42. g4 Nc4 43. g5+ hxg5 44. fxg5+ Kg6 45. Nd4 Rc1+ 46. Kg2 Qd2+
47. Kf3 Rf1+ 48. Kg3 Qxd4 49. Re8 f4+ 50. Kg4 fxe3+ 51. Kg3 e2 52. Rg8+ Kf5 0-1

[Event "Revanche"]
[Site "http://www.queenalice.com/game.php?id=74988"]
[Date "2006.6.7"]
[Round "-"]
[White "VictorHugo"]
[Black "renard"]
[Result "1-0"]
[WhiteElo "1523"]
[BlackElo "1053"]

1. e4 e6 2. e5 Qg5 3. d4 Qd8 4. Bd3 Bb4+ 5. Bd2 Qe7 6. c3 Ba5 7. Nf3 Nh6 8. Bxh6
gxh6 9. Na3 Nc6 10. O-O Rg8 11. Nb5 f5 12. exf6 Qxf6 13. Bxh7 Rg7 14. Be4 d5 15.
Bd3 Ne7 16. Qa4 b6 17. Nxc7+ Kf7 18. Qe8# 1-0

[Event "QA-ANNIV-02"]
[Site "http://www.queenalice.com/game.php?id=76759"]
[Date "2006.6.15"]
[Round "1"]
[White "VictorHugo"]
[Black "diego2907"]
[Result "0-1"]
[WhiteElo "1553"]
[BlackElo "1805"]

1. e4 e5 2. Nf3 d6 3. d4 Bg4 4. d5 h6 5. Bb5+ Nd7 6. Nc3 a6 7. Ba4 Nf6 8. Be3 b5
9. Bb3 a5 10. Nxb5 Nxe4 11. h3 Bh5 12. Qe2 Nec5 13. Bxc5 Nxc5 14. c3 Rb8 15. O-O
Bxf3 16. Qxf3 Rxb5 17. Bc4 Rb8 18. b4 axb4 19. cxb4 Rxb4 20. Rac1 Be7 21. a3 Ra4
22. Bb5+ Kf8 0-1

[Event "REVENGE!"]
[Site "http://www.queenalice.com/game.php?id=79576"]
[Date "2006.6.23"]
[Round "-"]
[White "renard"]
[Black "VictorHugo"]
[Result "0-1"]
[WhiteElo "1040"]
[BlackElo "1551"]

1. e4 e5 2. Qh5 Nh6 3. Qxe5+ Qe7 4. Qd4 Nc6 5. Qe3 Ng4 6. Qe2 d6 7. g3 Nd4 8.
Qd3 c5 9. c3 Ne5 10. Qe3 Nc2+ 11. Kd1 Nxe3+ 12. fxe3 Bg4+ 13. Be2 Bxe2+ 14. Nxe2
Qf6 15. Nf4 Nd3 16. Nh5 Qf3+ 17. Kc2 Qxh1 0-1

[Event "AUTO-OPEN-308"]
[Site "http://www.queenalice.com/game.php?id=81050"]
[Date "2006.6.29"]
[Round "1"]
[White "luizao"]
[Black "VictorHugo"]
[Result "1-0"]
[WhiteElo "1549"]
[BlackElo "1511"]

1. e4 e5 2. Nf3 Nc6 3. Bc4 d6 4. O-O Bg4 5. h3 Bh5 6. Nc3 Nd4 7. Be2 Qf6 8. d3
Nxf3+ 9. Bxf3 g6 10. Nd5 Qe6 11. Nxc7+ Kd7 12. Nxe6 fxe6 13. Bxh5 gxh5 14. Qxh5
Nf6 15. Qg5 Be7 16. Qg7 b5 17. Bg5 Rhg8 18. Qh6 Raf8 19. f4 exf4 20. Bxf4 Rg6
21. Qh4 a5 22. e5 dxe5 23. Bxe5 Nd5 24. Qxh7 Rgg8 25. Rxf8 1-0

[Event "AUTO-OPEN-308"]
[Site "http://www.queenalice.com/game.php?id=81051"]
[Date "2006.6.29"]
[Round "1"]
[White "VictorHugo"]
[Black "luizao"]
[Result "0-1"]
[WhiteElo "1497"]
[BlackElo "1618"]

1. e4 e5 2. Nf3 Nc6 3. d3 d5 4. exd5 Nd4 5. Nxe5 Nf6 6. c3 Nf5 7. Qa4+ Bd7 8.
Nc6 bxc6 9. dxc6 Be6 10. d4 Bd6 11. Be2 O-O 12. O-O Bd5 13. Nd2 Qe8 14. Qc2 Qxe2
15. Qxf5 Bxc6 16. Nf3 Bxf3 17. Qxf3 Qxf3 18. gxf3 Rae8 19. Bg5 Nh5 20. Kg2 h6
21. Bh4 Nf4+ 0-1

[Event "AUTO-OPEN-308"]
[Site "http://www.queenalice.com/game.php?id=81080"]
[Date "2006.6.29"]
[Round "1"]
[White "VictorHugo"]
[Black "tecnologoemsaude"]
[Result "0-1"]
[WhiteElo "1558"]
[BlackElo "1474"]

1. e4 g6 2. d4 d5 3. e5 f6 4. exf6 Nxf6 5. Nf3 e6 6. Bg5 h6 7. Bh4 g5 8. Bg3 g4
9. Ne5 Rh7 10. Bd3 Qe7 11. Bh4 Bg7 12. Ng6 Qb4+ 13. Nc3 Qxb2 14. Nb5 a6 15.
Nxc7+ Kd8 16. Nxa8 Qb4+ 17. Qd2 Qxd4 18. O-O b5 19. c3 Qa7 20. Ne5 Qxa8 21. Bxh7
Kc7 22. g3 Ne4 23. Qf4 Nxc3 24. Qf7+ Kb6 25. Qxg7 d4 26. Nxg4 Ne2# 0-1

[Event "AUTO-OPEN-308"]
[Site "http://www.queenalice.com/game.php?id=81081"]
[Date "2006.6.29"]
[Round "1"]
[White "tecnologoemsaude"]
[Black "VictorHugo"]
[Result "0-1"]
[WhiteElo "1431"]
[BlackElo "1547"]

1. e4 e5 2. Nf3 d6 3. d4 exd4 4. Qxd4 Nc6 5. Qc4 Ne5 6. Qd5 Nxf3+ 7. gxf3 Ne7 8.
Qb5+ Nc6 9. Bc4 a6 10. Qd5 Be6 11. Qd3 Nb4 12. Qb3 d5 13. exd5 Bxd5 14. Qe3+ Be7
15. a3 Nxc2+ 16. Kf1 Nxe3+ 17. Bxe3 Bxc4+ 18. Kg2 Qd6 19. Nd2 Qg6+ 20. Kh3 Be6#
0-1

[Event "Challenge"]
[Site "http://www.queenalice.com/game.php?id=87992"]
[Date "2006.7.20"]
[Round "-"]
[White "VictorHugo"]
[Black "jovy1097"]
[Result "0-1"]
[WhiteElo "1528"]
[BlackElo "1437"]

1. e4 c6 2. d4 d5 3. e5 g6 4. Bd3 h5 5. Be3 Qb6 6. b3 Nh6 7. Nf3 Bg4 8. Nc3 Bxf3
9. Qxf3 e6 10. Na4 Qc7 0-1

[Event "AUTO-OPEN-333"]
[Site "http://www.queenalice.com/game.php?id=88099"]
[Date "2006.7.21"]
[Round "1"]
[White "Gambit13"]
[Black "VictorHugo"]
[Result "1-0"]
[WhiteElo "1754"]
[BlackElo "1480"]

1. e4 e5 2. Nf3 d6 3. d4 exd4 4. Nxd4 c5 5. Nb5 Qa5+ 6. N5c3 Nf6 7. f3 Nc6 8.
Be2 Nd4 9. Nd2 Be6 10. O-O g6 11. Re1 Bh6 12. Nb3 Bxb3 13. cxb3 1-0

[Event "AUTO-OPEN-333"]
[Site "http://www.queenalice.com/game.php?id=88100"]
[Date "2006.7.21"]
[Round "1"]
[White "VictorHugo"]
[Black "Gambit13"]
[Result "0-1"]
[WhiteElo "1486"]
[BlackElo "1748"]

1. e4 c5 2. Bc4 e6 3. e5 Nc6 4. Nf3 d5 5. exd6 Bxd6 6. d4 cxd4 7. Nxd4 Nxd4 8.
Qxd4 Bb4+ 9. c3 Qxd4 10. Nd2 Bxc3 11. bxc3 Qxc3 0-1

[Event "AUTO-OPEN-333"]
[Site "http://www.queenalice.com/game.php?id=88125"]
[Date "2006.7.21"]
[Round "1"]
[White "VictorHugo"]
[Black "diegmr"]
[Result "0-1"]
[WhiteElo "1528"]
[BlackElo "1698"]

1. e4 e5 2. Nf3 Nc6 3. d3 Bc5 4. Ng5 d6 5. Qf3 Nf6 6. Nc3 Nd4 7. Qd1 O-O 8. Nd5
Nxd5 9. c3 Nc6 10. c4 Nf6 11. b3 Bb4+ 0-1

[Event "AUTO-OPEN-333"]
[Site "http://www.queenalice.com/game.php?id=88126"]
[Date "2006.7.21"]
[Round "1"]
[White "diegmr"]
[Black "VictorHugo"]
[Result "1-0"]
[WhiteElo "1707"]
[BlackElo "1519"]

1. d4 d5 2. c4 dxc4 3. e4 e6 4. Bxc4 Nc6 5. Nf3 Bb4+ 6. Nc3 Na5 7. Bb5+ Bd7 8.
Bxd7+ Qxd7 9. O-O Nf6 10. e5 Nd5 11. Nxd5 Qxd5 12. a3 1-0

[Event "AUTO-OPEN-333"]
[Site "http://www.queenalice.com/game.php?id=88127"]
[Date "2006.7.21"]
[Round "1"]
[White "VictorHugo"]
[Black "Enrico"]
[Result "0-1"]
[WhiteElo "1528"]
[BlackElo "1837"]

1. e4 e5 2. Nf3 Nc6 3. d3 Nf6 4. Nc3 Bb4 5. d4 exd4 6. Nxd4 Nxd4 7. Qxd4 Bxc3+
8. Qxc3 c6 9. Qe5+ Kf8 10. Bc4 d6 11. Qd4 Qe7 12. Bd3 Bf5 13. O-O Bg6 14. Bd2
Ke8 0-1

[Event "AUTO-OPEN-333"]
[Site "http://www.queenalice.com/game.php?id=88128"]
[Date "2006.7.21"]
[Round "1"]
[White "Enrico"]
[Black "VictorHugo"]
[Result "1-0"]
[WhiteElo "1843"]
[BlackElo "1497"]

1. d4 d5 2. Nc3 Nf6 3. Nf3 e6 4. Bf4 Bb4 5. Qd3 O-O 6. a3 Ba5 7. O-O-O Ng4 8.
Be3 Nc6 9. h3 Nf6 10. Bg5 a6 11. Bxf6 Qxf6 12. e3 e5 13. dxe5 Qd8 14. Nxd5 Be6
15. Nf4 1-0